Detalles MARC
| 000 -LÍDER |
| Campo fijo de descripción fija |
03307nam a2200373 i 4500 |
| 001 - NÚMERO DE CONTROL |
| Campo de control |
768714001 |
| 003 - IDENTIFICADOR DEL NÚMERO DE CONTROL |
| Campo de control |
CO-MdFUSB |
| 005 - FECHA Y HORA DE LA ULTIMA TRANSACCIÓN |
| control field |
20200422153537.0 |
| 007 - CAMPO FIJO DE DESCRIPCIÓN FIJA--INFORMACIÓN GENERAL |
| Campo fijo de descripción fija |
ta |
| 008 - ELEMENTOS DE LONGITUD FIJA -- INFORMACIÓN GENERAL |
| Campo fijo de descripción fija -- Información general |
200422t1997 nyua|||| |||| 00| 0 eng d |
| 020 ## - NÚMERO INTERNACIONAL NORMALIZADO PARA LIBROS |
| Número Internacional Normalizado del libro |
0415152267 |
| 040 ## - FUENTE DE CATALOGACIÓN |
| Agencia de catalogación original |
CO-MdFUSB |
| Idioma de catalogación |
spa |
| Agencia que realiza la transcripción |
CO-MdFUSB |
| Agencia que realiza la modificación |
CO-MdFUSBC |
| Convenciones de la descripción |
rda |
| 041 ## - CÓDIGO DE IDIOMA |
| Código de idioma para texto/pista de sonido o título separado |
eng |
| 082 ## - NÚMERO DE CLASIFICACIÓN DECIMAL DEWEY |
| Número de la edición del Dewey |
23 |
| Número de clasificación |
291.35 |
| Clave de autor-Numero de item |
S123 |
| 245 ## - TÍTULO |
| Título del Material |
Sacred sites, sacred places |
| Mención de responsabilidad, etc. |
/ editado por David L. Carmichael , Jane Hubert , Brian Reeves , Audhild Schanche |
| 264 #1 - PRODUCCIÓN, PUBLICACIÓN, DISTRIBUCIÓN, MANUFACTURA, Y COPYRIGHT |
| Lugar de producción, publicación, distribución, manufactura |
Nueva York : |
| Nombre del productor, publicador, distribuidor |
Routledge, |
| Fecha de producción, publicación, distribución, manufactura, o copyright |
[1997] |
| 264 #4 - PRODUCCIÓN, PUBLICACIÓN, DISTRIBUCIÓN, MANUFACTURA, Y COPYRIGHT |
| Fecha de producción, publicación, distribución, manufactura, o copyright |
© 1997 |
| 300 ## - DESCRIPCIÓN FÍSICA |
| Extensión |
300 páginas |
| Otros detalles físicos |
ilustraciones, mapas |
| Dimensiones |
; 24 cm |
| 336 ## - TIPO DE CONTENIDO |
| Fuente |
rdacontent |
| Término de tipo de contenido |
texto |
| Código de tipo de contenido |
txt |
| 337 ## - TIPO DE MEDIO |
| Fuente |
rdamedia |
| Nombre del tipo de medio |
sin mediación |
| Código del tipo de medio |
n |
| 338 ## - TIPO DE SOPORTE |
| Fuente |
rdacarrier |
| Nombre del tipo de soporte |
volumen |
| Código Tipo de soporte |
nc |
| 490 1# - MENCIÓN DE SERIE |
| Mención de serie |
One world archaeology |
| 505 ## - NOTA DE CONTENIDO |
| Nota de contenido con formato preestablecido |
Introducción / David Carmichael, Jane Hubert y Brian Reeves. -- Creencias sagradas y creencias de lo sagrado / Jane Hubert -<br/>Geografía sagrada Wintu del norte de California / Dorothea J. Theodoratus & Frank LaPena. -- Paisajes neolíticos sagrados y seculares en Irlanda / Gabriel Cooney -Espacio sagrado en la cultura de las regiones árticas / OV Ovsyannikov y NM Terebikhin; traducido del ruso por Katharine Judelson - Sitios sagrados en Madagascar / Chantal Radimilahy - Lugares de poder: sitios sagrados Mescalero Apache y áreas sensibles / David L. Carmichael - Sitios sagrados en los pastizales de Bamenda de Camerún: un estudio de sitios sagrados en Nso 'Fondom / Mary Maimo Mumah - Sitios sagrados de Bukusu / Simiyu Wandibba - Lugares de sacrificio y su significado en la sociedad saami / Inga-Maria Mulk - El Mijikenda kaya como sitio sagrado / HW Mutoro -<br/>La percepción y el tratamiento de lugares y sitios sagrados prehistóricos y contemporáneos en Polonia / Katarzyna Marciniak -<br/>Islam en la costa de Kenia: una visión general de los sitios sagrados costeros de Kenia / George H. Okello Abungu - Una ceremonia en la "cueva de la idolatría": un documento del siglo XVIII del Archivo Histórico Diocesano, Chiapas, México / Inés Sanmiguel; traducido por Ben Alberti - En la boca de la cueva de obsidiana: deidad y lugar en la religión azteca / Nicholas J. Saunders - Sto: lo terreno sagrado / Gordon Mohs -Los espíritus del pueblo Chugach de Alaska están en reposo una vez más / John FC Johnson - Waahi tapu: Sitios sagrados maoríes / Hirini Matunga - Principios y práctica de las leyes de protección de sitios en Australia / David Ritchie - Cuando la tierra sagrada es sagrada para tres tribus: los sitios sagrados de San Juan Paiute y el traje Hopi-Navajo-Paiute para dividir el Reserva Navajo de Arizona / Robert Franklin y Pamela Bunte - Turismo y la Rueda de Medicina Bighorn: cómo el uso múltiple no funciona para sitios de tierra sagrada / Nicole Price - Ninaistákis-la montaña sagrada de Nitsitapii: actividades religiosas nativas tradicionales y uso de la tierra / conflictos turísticos / Brian Reeves. |
| 563 ## - NOTA DE ENCUADERNACIÓN |
| Nota de encuadernación |
Rústico |
| 650 #7 - ASIENTO SECUNDARIO DE MATERIA - TERMINO TEMÁTICO |
| 9 (RLIN) |
388 |
| Término temático o nombre geográfico como elemento de entrada |
Religión y cultura |
| 700 ## - ASIENTO SECUNDARIO - NOMBRE PERSONAL |
| 9 (RLIN) |
3464 |
| Nombre personal |
Carmichael, David L. |
| Responsabilidad |
editor |
| 700 ## - ASIENTO SECUNDARIO - NOMBRE PERSONAL |
| 9 (RLIN) |
3465 |
| Nombre personal |
Hubert, Jane. |
| Responsabilidad |
editor |
| 700 ## - ASIENTO SECUNDARIO - NOMBRE PERSONAL |
| 9 (RLIN) |
3466 |
| Nombre personal |
Reeves, Brian D. |
| Responsabilidad |
editor |
| 700 ## - ASIENTO SECUNDARIO - NOMBRE PERSONAL |
| 9 (RLIN) |
3467 |
| Nombre personal |
Schanche, Audhild, |
| Responsabilidad |
editor |
| 830 ## - PUNTO DE ACCESO ADICIONAL DE SERIE - TÍTULO UNIFORME |
| Título uniforme |
One world archaeology |
| Designación de volumen o secuencia |
23 |
| 942 ## - TIPO DE MATERIAL (KOHA) |
| Tipo de Item KOHA |
Libros General |
| 945 ## - INFORMACIÓN LOCAL DEL REGISTRO |
| Catalogador |
JTF-925 |